Multinational Business Finance / Ninth Edition (Record no. 920)
[ view plain ]
| 000 -LEADER | |
|---|---|
| fixed length control field | 01524cam a22002294a 4500 |
| 005 - ΗΜΕΡΟΜΗΝΙΑ ΚΑΙ ΩΡΑ ΤΕΛΕΥΤΑΙΑΣ ΕΝΗΜΕΡΩΣΗΣ | |
| Πεδίο ελέγχου | 20250605163949.0 |
| 008 - FIXED-LENGTH DATA ELEMENTS--GENERAL INFORMATION | |
| Πεδίο ελέγχου σταθερού μήκους | 250528s ||||||||||||||||||||||||d |
| 035 ## - SYSTEM CONTROL NUMBER | |
| System control number | 15330 |
| 020 ## - ISBN | |
| ISBN | 201710749 |
| 040 ## - ΠΗΓΗ ΚΑΤΑΛΟΓΟΓΡΑΦΗΣΗΣ | |
| Φορέας πρωτότυπης καταλογογράφησης | MC Athens Campus Library |
| Γλώσσα καταλογογράφησης | Ελληνικά, Μοντέρνα (1453-) |
| Modifying agency | MC Athens Campus Library |
| Κανόνες περιγραφικής καταλογογράφησης | AACR2 |
| 245 1# - ΤΙΤΛΟΣ ΚΑΙ ΔΗΛΩΣΗ ΥΠΕΥΘΥΝΟΤΗΤΑΣ | |
| Τίτλος | Multinational Business Finance / Ninth Edition |
| 250 ## - EDITION STATEMENT | |
| Edition statement | 9th |
| 260 ## - PUBLICATION, DISTRIBUTION, ETC. | |
| Name of publisher, distributor, etc. | Allyn And Bacon, |
| Date of publication, distribution, etc. | 2001 |
| 300 ## - PHYSICAL DESCRIPTION | |
| Extent | 764 |
| 520 ## - SUMMARY, ETC. | |
| Summary, etc. | This book features a streamlined presentation, expanded attention to emerging markets, and a stronger managerial focus throughout. The International Financial Environment, The International Monetary Environment, Foreign Exchange Rate Determination, The Foreign Exchange Market, Foreign Currency Options, Measuring and Managing Foreign Exchange Exposure, Transaction Exposure, Operating Exposure, Accounting Exposure, Interest Rate Exposure and Swaps, Financing the Global Firm, Sourcing Equity Globally, Sourcing Debt Globally, Foreign Investment Decisions, Multinational Capital Budgeting, International Acquisitions and Valuation, Managing Multinational Operations, Multinational Taxation, Repositioning Funds, Working Capital Management, Evaluation of Performance, Advanced Topics in Multinational Finance, International Portfolio Theory and the MNE, Advanced Topics in Currency Risk Management, Advanced Topics in Interest Rate Risk Management. |
| 700 1# - ΠΡΟΣΘΕΤΗ ΑΝΑΓΡΑΦΗ--ΦΥΣΙΚΟ ΠΡΟΣΩΠΟ | |
| Personal name | Eiteman David K |
| 9 (RLIN) | 1223 |
| 700 1# - ΠΡΟΣΘΕΤΗ ΑΝΑΓΡΑΦΗ--ΦΥΣΙΚΟ ΠΡΟΣΩΠΟ | |
| Personal name | Moffett Michael H |
| 9 (RLIN) | 1226 |
| 700 1# - ΠΡΟΣΘΕΤΗ ΑΝΑΓΡΑΦΗ--ΦΥΣΙΚΟ ΠΡΟΣΩΠΟ | |
| Personal name | Stonehill Arthur I |
| 9 (RLIN) | 1224 |
| 942 ## - ADDED ENTRY ELEMENTS (KOHA) | |
| Koha item type | Books |
| Τύπος τεκμηρίου | Βιβλιοθήκη | Τρέχουσα τοποθεσία | Barcode | Αριθμός εισαγωγής | Ημερομηνία απόκτησης | Ταξιθετικό σύμβολο | Αριθμός αντιτύπου | Κατάσταση απόσυρσης | Κατάσταση χαμένου | Κατάσταση κατεστραμμένου | Μη δανεισμός | Σύνολο δανεισμών | Ημερομηνία τελευταίας εμφάνισης | Η τιμή ισχύει από |
|---|---|---|---|---|---|---|---|---|---|---|---|---|---|---|
| Books | MC Athens Campus Library | MC Athens Campus Library | 9780000009197 | 1578 | 05/06/2025 | 658.1/599 EIT | 2 | 05/06/2025 | 05/06/2025 |